Top 15 Bean Consuming Countries - Statistics

General Stats
  • This quiz has been taken 35 times
  • The average score is 9 of 15
Answer Stats
Answer % Correct
Mexico
97%
Brazil
94%
India
94%
USA
87%
Indonesia
74%
Turkey
61%
Tanzania
52%
Ethiopia
48%
Kenya
48%
Uganda
48%
Guatemala
45%
Angola
42%
Rwanda
39%
Cameroon
35%
North Korea
19%
No matching quizzes found
Score Distribution
Percent of People with Each Score
Percentile by Number Answered
Your Score History
You have not taken this quiz